Teoretické a praktické východiská evalvácie výchovno-vzdelávacieho procesu na vysokej škole II
Dokončenie z čísla 3/2002.
Gespeichert in:
| 1. Verfasser: | |
|---|---|
| Format: | Buchkapitel |
| Sprache: | Slowakisch |
| Tags: |
Keine Tags, Fügen Sie das erste Tag hinzu!
|
MARC
| LEADER | 00000naa$a2200000$$$4500 | ||
|---|---|---|---|
| 001 | 0110747 | ||
| 005 | 20240502072226.7 | ||
| 041 | 0 | |a slo | |
| 044 | |a SK | ||
| 245 | 1 | 0 | |a Teoretické a praktické východiská evalvácie výchovno-vzdelávacieho procesu na vysokej škole II |c Mária Antalová |
| 520 | |a Dokončenie z čísla 3/2002. | ||
| 100 | 1 | |a Antalová, Mária, 1952- | |